000 00867nas a2200289 4500
001 BR2014006566
003 BR-BrBNA
005 20231205124643.0
007 ta
008 230509b bl.|||p| |||| 00| 00por d
040 _aBR-BrBNA
_bpor
_cBiblioteca Nacional de Agricultura
041 _a(En)
072 _aH20
100 1 _aXavier, S.A.
100 1 _aCanteri, M.G.
100 1 _aBarros, D.C.M.
100 1 _aGodoy, C.V.
245 1 _aSensitivity of Corynespora cassiicola from soybean to carbendazim and prothioconazole
650 _aSOJA
650 _aFUNGO
650 _aFUNGICIDA
650 _aCONTROLE QUIMICO
650 _aRESISTENCIA A PRODUTOS QUIMICOS
773 0 _tTropical Plant Pathology (Brazil)
_xISSN 1982-5676
_g(Sep-Oct 2013), v. 38(5) p. 431-435
_wBR2014006566
909 _a202311
_bLúcia
_c55
_dLúcia Elande
942 _2AGRIS
_n0
_cANA
999 _c240204
_d240204